000 00372nam a2200157Ia 4500
005 20250411015902.0
008 240331s9999 xx 000 0 und d
020 _a9552027608
082 _bSIL
_a891
100 _aSilva,W.A
245 0 _aDiywayogaya
260 _aColombo
_bGodage & sons
_c2008
300 _a278 p .,
500 _aAncient , Historical Story
942 _cL
999 _c5393
_d5393